000 00529nam a2200193 a 4500
001 1770453311835
003 YourLibrary
005 20260207140841.0
008 260207s2006##################000#0#eng##
020 _a9780521858830
082 0 4 _a333.7
_bALL
100 1 _aAllison, Helen E.,
_eauthor.
245 1 0 _aScience and Policy in Natural Resource Management :
260 _bCambridge University Press,
_c2006.
300 _a266 pages
650 0 _aNature.
942 _cENGLISH
040 _aYourLibrary
_beng
_cYourLibrary
999 _c610951
_d610951